00695nam a2200241 a 4500001001300000003000900013005001700022008004100039020000800080082001800088100001400106245005800120260004300178300000800221500003500229505001000264650002100274700001400295902000800309942000700317952011400324999001500438nice12345678IN_TiNIC20260116011421.0050524s1933 lona grp 000 0 eng  ac000a297.822bIVA5 aIvanow, W aTrue Meaning of Religion ( Risala Der Haqeeqati Deen) aLondonbOxford University Press c1933 a37p aincludes index and biblioraphy2 aindex aIsmaili-Doctrine1 aIvanow, W bSRS cBK 001040708StackRoom-aHMIbHMId2005-05-24g0.00l0o297.822 IVA5p01259r2005-05-24v0.00w2005-05-24yBK c1337d1337